Countries Bordering the DRC - Statistics

General Stats
  • This quiz has been taken 181 times
  • The average score is 8 of 9
Answer Stats
Country % Correct
Zambia
94%
Burundi
91%
Rwanda
91%
Angola
90%
Uganda
88%
Tanzania
86%
Central African Republic
83%
South Sudan
83%
Republic of the Congo
69%
No matching quizzes found
Score Distribution
Percent of People with Each Score
Percentile by Number Answered
Your Score History
You have not taken this quiz